[Event "Priit Leito Memorial Tournament"]
[Site "Tallinn, Paul Keres Chess House, Estonia"]
[Date "2023.02.04"]
[Round "1.2"]
[White "Nyback, Tomi"]
[Black "Virro, Toomas"]
[Result "1-0"]
[TimeControl " Rapid: 15 minutes for game with 3 seconds increment from move 1"]
[WhiteTitle "GM"]
[WhiteElo "2572"]
[BlackElo "1694"]

1. d4 {

[%clk 00:15:03]

} {

[%emt 00:00:02]

} e6 {

[%clk 00:15:03]

} {

[%emt 00:00:05]

} 2. c4 {

[%clk 00:15:04]

} d5 {

[%clk 00:14:59]

} {

[%emt 00:00:08]

} 3. Nf3 {

[%clk 00:15:05]

} {

[%emt 00:00:02]

} Nf6 {

[%clk 00:14:57]

} {

[%emt 00:00:05]

} 4. g3 {

[%clk 00:15:06]

} {

[%emt 00:00:02]

} Bb4+ {

[%clk 00:14:48]

} {

[%emt 00:00:12]

} 5. Bd2 {

[%clk 00:15:07]

} {

[%emt 00:00:02]

} Bxd2+ {

[%clk 00:14:42]

} {

[%emt 00:00:09]

} 6. Nbxd2 {

[%clk 00:15:07]

} {

[%emt 00:00:03]

} O-O {

[%clk 00:14:42]

} {

[%emt 00:00:03]

} 7. Bg2 {

[%clk 00:15:08]

} {

[%emt 00:00:01]

} Nbd7 {

[%clk 00:14:30]

} {

[%emt 00:00:15]

} 8. O-O {

[%clk 00:15:07]

} {

[%emt 00:00:04]

} c5 {

[%clk 00:13:07]

} {

[%emt 00:01:27]

} 9. cxd5 {

[%clk 00:14:57]

} {

[%emt 00:00:13]

} Nxd5 {

[%clk 00:12:50]

} {

[%emt 00:00:21]

} 10. Ne4 {

[%clk 00:14:52]

} {

[%emt 00:00:07]

} cxd4 {

[%clk 00:12:27]

} {

[%emt 00:00:26]

} 11. Qxd4 {

[%clk 00:14:52]

} {

[%emt 00:00:04]

} N7b6 {

[%clk 00:11:16]

} {

[%emt 00:01:13]

} 12. Rac1 {

[%clk 00:14:33]

} {

[%emt 00:00:21]

} Nf4 {

[%clk 00:10:52]

} {

[%emt 00:00:28]

} 13. gxf4 {

[%clk 00:14:27]

} {

[%emt 00:00:09]

} 1-0

[Event "Priit Leito Memorial Tournament"]
[Site "Tallinn, Paul Keres Chess House, Estonia"]
[Date "2023.02.04"]
[Round "1.3"]
[White "Zafra, Kim Yutangco"]
[Black "Neiksans, Arturs"]
[Result "0-1"]
[TimeControl " Rapid: 15 minutes for game with 3 seconds increment from move 1"]
[BlackTitle "GM"]
[WhiteElo "1647"]
[BlackElo "2552"]

1. e4 {

[%clk 00:15:06]

} {

[%emt 00:16:47]

} c5 {

[%clk 00:15:04]

} {

[%emt 00:00:03]

} 2. Nf3 {

[%clk 00:15:08]

} e6 {

[%clk 00:15:06]

} {

[%emt 00:00:01]

} 3. d4 {

[%clk 00:15:10]

} cxd4 {

[%clk 00:15:05]

} {

[%emt 00:00:04]

} 4. Nxd4 {

[%clk 00:15:13]

} a6 {

[%clk 00:14:59]

} {

[%emt 00:00:08]

} 5. Nc3 {

[%clk 00:15:15]

} b5 {

[%clk 00:14:56]

} {

[%emt 00:00:06]

} 6. a4 {

[%clk 00:15:04]

} {

[%emt 00:00:14]

} b4 {

[%clk 00:14:54]

} {

[%emt 00:00:05]

} 7. Nce2 {

[%clk 00:15:00]

} {

[%emt 00:00:07]

} Bb7 {

[%clk 00:13:51]

} {

[%emt 00:01:06]

} 8. Ng3 {

[%clk 00:14:47]

} {

[%emt 00:00:16]

} Qc7 {

[%clk 00:13:13]

} {

[%emt 00:00:42]

} 9. Be2 {

[%clk 00:14:35]

} {

[%emt 00:00:14]

} Nf6 {

[%clk 00:13:12]

} {

[%emt 00:00:05]

} 10. Bf3 {

[%clk 00:14:37]

} Nc6 {

[%clk 00:12:03]

} {

[%emt 00:01:12]

} 11. Nxc6 {

[%clk 00:14:20]

} {

[%emt 00:00:20]

} Bxc6 {

[%clk 00:12:04]

} {

[%emt 00:00:02]

} 12. Be3 {

[%clk 00:13:46]

} {

[%emt 00:00:38]

} a5 {

[%clk 00:10:59]

} {

[%emt 00:01:07]

} 13. Qd4 {

[%clk 00:13:19]

} {

[%emt 00:00:30]

} Be7 {

[%clk 00:10:43]

} {

[%emt 00:00:18]

} 14. O-O {

[%clk 00:12:05]

} {

[%emt 00:01:18]

} O-O {

[%clk 00:10:42]

} {

[%emt 00:00:05]

} 15. Qb6 {

[%clk 00:11:04]

} {

[%emt 00:01:02]

} Qxb6 {

[%clk 00:09:55]

} {

[%emt 00:00:52]

} 16. Bxb6 {

[%clk 00:11:06]

} Rfc8 {

[%clk 00:09:36]

} {

[%emt 00:00:22]

} 17. Bd4 {

[%clk 00:10:41]

} {

[%emt 00:00:27]

} d6 {

[%clk 00:08:47]

} {

[%emt 00:00:53]

} 18. e5 {

[%clk 00:10:11]

} {

[%emt 00:00:34]

} dxe5 {

[%clk 00:08:45]

} {

[%emt 00:00:05]

} 19. Bxc6 {

[%clk 00:10:00]

} {

[%emt 00:00:14]

} Rxc6 {

[%clk 00:08:46]

} {

[%emt 00:00:02]

} 20. Bxe5 {

[%clk 00:10:00]

} {

[%emt 00:00:03]

} Rxc2 {

[%clk 00:08:45]

} {

[%emt 00:00:04]

} 21. Rac1 {

[%clk 00:08:41]

} {

[%emt 00:01:22]

} Rac8 {

[%clk 00:08:45]

} {

[%emt 00:00:02]

} 22. Ne2 {

[%clk 00:08:01]

} {

[%emt 00:00:44]

} Nd5 {

[%clk 00:07:45]

} {

[%emt 00:01:03]

} 23. Rxc2 {

[%clk 00:07:53]

} {

[%emt 00:00:11]

} Rxc2 {

[%clk 00:07:45]

} {

[%emt 00:00:02]

} 24. Nd4 {

[%clk 00:07:55]

} {

[%emt 00:00:02]

} Rxb2 {

[%clk 00:06:53]

} {

[%emt 00:00:55]

} 25. Nc6 {

[%clk 00:06:47]

} {

[%emt 00:01:10]

} Ra2 {

[%clk 00:06:54]

} {

[%emt 00:00:02]

} 26. Nxa5 {

[%clk 00:05:53]

} {

[%emt 00:00:58]

} Rxa4 {

[%clk 00:06:50]

} {

[%emt 00:00:06]

} 27. Nc6 {

[%clk 00:05:44]

} {

[%emt 00:00:12]

} f6 {

[%clk 00:06:48]

} {

[%emt 00:00:05]

} 28. Bd4 {

[%clk 00:05:25]

} {

[%emt 00:00:23]

} e5 {

[%clk 00:06:15]

} {

[%emt 00:00:36]

} 29. Nxe7+ {

[%clk 00:05:23]

} {

[%emt 00:00:04]

} Nxe7 {

[%clk 00:06:16]

} {

[%emt 00:00:02]

} 30. Bc5 {

[%clk 00:05:22]

} {

[%emt 00:00:04]

} Nd5 {

[%clk 00:05:56]

} {

[%emt 00:00:23]

} 31. f3 {

[%clk 00:04:47]

} {

[%emt 00:00:39]

} Ra5 {

[%clk 00:05:57]

} {

[%emt 00:00:01]

} 32. Bd6 {

[%clk 00:04:01]

} {

[%emt 00:00:49]

} b3 {

[%clk 00:05:58]

} {

[%emt 00:00:03]

} 33. Rb1 {

[%clk 00:03:49]

} {

[%emt 00:00:13]

} Rb5 {

[%clk 00:06:00]

} {

[%emt 00:00:03]

} 34. Ba3 {

[%clk 00:03:06]

} {

[%emt 00:00:46]

} Ne3 {

[%clk 00:05:55]

} {

[%emt 00:00:07]

} 35. Kf2 {

[%clk 00:02:20]

} {

[%emt 00:00:50]

} Nc4 {

[%clk 00:05:56]

} {

[%emt 00:00:02]

} 36. Bb2 {

[%clk 00:02:03]

} {

[%emt 00:00:20]

} Nxb2 {

[%clk 00:05:57]

} {

[%emt 00:00:02]

} 37. Rxb2 {

[%clk 00:02:05]

} Kf7 {

[%clk 00:05:58]

} {

[%emt 00:00:02]

} 38. Ke3 {

[%clk 00:02:00]

} {

[%emt 00:00:09]

} Ke6 {

[%clk 00:05:59]

} {

[%emt 00:00:02]

} 39. g4 {

[%clk 00:01:39]

} {

[%emt 00:00:25]

} f5 {

[%clk 00:05:53]

} {

[%emt 00:00:09]

} 40. h3 {

[%clk 00:01:03]

} {

[%emt 00:00:39]

} Kf6 {

[%clk 00:05:51]

} {

[%emt 00:00:04]

} 41. f4 {

[%clk 00:00:34]

} {

[%emt 00:00:32]

} exf4+ {

[%clk 00:05:48]

} {

[%emt 00:00:05]

} 42. Kxf4 {

[%clk 00:00:37]

} Rb4+ {

[%clk 00:05:49]

} {

[%emt 00:00:03]

} 43. Kf3 {

[%clk 00:00:30]

} {

[%emt 00:00:11]

} fxg4+ {

[%clk 00:05:50]

} {

[%emt 00:00:02]

} 44. hxg4 {

[%clk 00:00:32]

} Kg5 {

[%clk 00:05:51]

} {

[%emt 00:00:03]

} 45. Ke3 {

[%clk 00:00:07]

} {

[%emt 00:00:27]

} Rxg4 {

[%clk 00:05:51]

} {

[%emt 00:00:04]

} 46. Kd3 {

[%clk 00:00:06]

} {

[%emt 00:00:05]

} h5 {

[%clk 00:05:51]

} {

[%emt 00:00:02]

} 47. Kc3 {

[%clk 00:00:04]

} {

[%emt 00:00:05]

} Rg3+ {

[%clk 00:05:52]

} {

[%emt 00:00:02]

} 48. Kb4 {

[%clk 00:00:05]

} {

[%emt 00:00:03]

} h4 {

[%clk 00:05:52]

} {

[%emt 00:00:02]

} 0-1

[Event "Priit Leito Memorial Tournament"]
[Site "Tallinn, Paul Keres Chess House, Estonia"]
[Date "2023.02.04"]
[Round "1.4"]
[White "Miezis, Normunds"]
[Black "Ehrlich, Sten-Andreas"]
[Result "1-0"]
[TimeControl " Rapid: 15 minutes for game with 3 seconds increment from move 1"]
[WhiteTitle "GM"]
[WhiteElo "2502"]
[BlackElo "1617"]

1. c4 {

[%clk 00:15:02]

} {

[%emt 00:00:03]

} Nf6 {

[%clk 00:15:05]

} {

[%emt 00:00:02]

} 2. Nc3 {

[%clk 00:15:00]

} {

[%emt 00:00:04]

} e6 {

[%clk 00:15:05]

} {

[%emt 00:00:04]

} 3. e4 {

[%clk 00:15:00]

} {

[%emt 00:00:02]

} c5 {

[%clk 00:14:53]

} {

[%emt 00:00:16]

} 4. g3 {

[%clk 00:14:57]

} {

[%emt 00:00:05]

} Nc6 {

[%clk 00:14:53]

} {

[%emt 00:00:04]

} 5. f4 {

[%clk 00:14:54]

} {

[%emt 00:00:06]

} d5 {

[%clk 00:14:20]

} {

[%emt 00:00:36]

} 6. e5 {

[%clk 00:14:52]

} {

[%emt 00:00:04]

} Ng8 {

[%clk 00:14:18]

} {

[%emt 00:00:06]

} 7. cxd5 {

[%clk 00:14:02]

} {

[%emt 00:00:53]

} exd5 {

[%clk 00:14:20]

} 8. d3 {

[%clk 00:14:00]

} {

[%emt 00:00:06]

} a6 {

[%clk 00:13:35]

} {

[%emt 00:00:47]

} 9. Bg2 {

[%clk 00:13:56]

} {

[%emt 00:00:06]

} Nge7 {

[%clk 00:13:36]

} {

[%emt 00:00:04]

} 10. Nf3 {

[%clk 00:13:49]

} {

[%emt 00:00:09]

} g6 {

[%clk 00:13:06]

} {

[%emt 00:00:34]

} 11. d4 {

[%clk 00:12:54]

} {

[%emt 00:00:59]

} c4 {

[%clk 00:12:28]

} {

[%emt 00:00:40]

} 12. O-O {

[%clk 00:12:47]

} {

[%emt 00:00:09]

} h5 {

[%clk 00:12:11]

} {

[%emt 00:00:21]

} 13. Be3 {

[%clk 00:11:26]

} {

[%emt 00:01:24]

} Bg4 {

[%clk 00:11:45]

} {

[%emt 00:00:31]

} 14. Bf2 {

[%clk 00:11:22]

} {

[%emt 00:00:05]

} Qd7 {

[%clk 00:11:00]

} {

[%emt 00:00:48]

} 15. Na4 {

[%clk 00:10:49]

} {

[%emt 00:00:36]

} Nf5 {

[%clk 00:10:27]

} {

[%emt 00:00:36]

} 16. Nb6 {

[%clk 00:10:41]

} {

[%emt 00:00:11]

} Qd8 {

[%clk 00:10:08]

} {

[%emt 00:00:22]

} 17. Nxa8 {

[%clk 00:10:41]

} {

[%emt 00:00:03]

} h4 {

[%clk 00:09:41]

} {

[%emt 00:00:30]

} 18. gxh4 {

[%clk 00:10:38]

} {

[%emt 00:00:05]

} Ncxd4 {

[%clk 00:08:55]

} {

[%emt 00:00:50]

} 19. Bxd4 {

[%clk 00:09:56]

} {

[%emt 00:00:45]

} Bxf3 {

[%clk 00:07:53]

} {

[%emt 00:01:05]

} 20. Bxf3 {

[%clk 00:09:31]

} {

[%emt 00:00:27]

} Qxh4 {

[%clk 00:07:34]

} {

[%emt 00:00:22]

} 21. Rf2 {

[%clk 00:09:19]

} {

[%emt 00:00:15]

} Qxf4 {

[%clk 00:07:19]

} {

[%emt 00:00:18]

} 22. Nc7+ {

[%clk 00:08:37]

} {

[%emt 00:00:44]

} Kd7 {

[%clk 00:06:44]

} {

[%emt 00:00:34]

} 23. Bg4 {

[%clk 00:08:10]

} {

[%emt 00:00:33]

} Qg5 {

[%clk 00:06:22]

} {

[%emt 00:00:26]

} 24. Nxd5 {

[%clk 00:07:42]

} {

[%emt 00:00:31]

} Kc6 {

[%clk 00:06:03]

} {

[%emt 00:00:23]

} 25. Nf6 {

[%clk 00:07:31]

} {

[%emt 00:00:13]

} Nxd4 {

[%clk 00:04:54]

} {

[%emt 00:01:12]

} 26. Qxd4 {

[%clk 00:07:29]

} {

[%emt 00:00:03]

} Bc5 {

[%clk 00:04:55]

} {

[%emt 00:00:03]

} 27. Qxc5+ {

[%clk 00:06:43]

} {

[%emt 00:00:49]

} Kd5 {

[%emt 00:00:10]

} 1-0

[Event "Priit Leito Memorial Tournament"]
[Site "Tallinn, Paul Keres Chess House, Estonia"]
[Date "2023.02.04"]
[Round "2.2"]
[White "Rondo, Mikko"]
[Black "Nyback, Tomi"]
[Result "0-1"]
[TimeControl " Rapid: 15 minutes for game with 3 seconds increment from move 1"]
[BlackTitle "GM"]
[WhiteElo "2023"]
[BlackElo "2572"]

1. d4 {

[%clk 00:15:04]

} {

[%emt 00:00:02]

} Nf6 {

[%clk 00:15:04]

} {

[%emt 00:00:02]

} 2. Nf3 {

[%clk 00:15:05]

} {

[%emt 00:00:02]

} g6 {

[%clk 00:15:06]

} {

[%emt 00:00:02]

} 3. g3 {

[%clk 00:15:06]

} {

[%emt 00:00:02]

} Bg7 {

[%clk 00:15:07]

} {

[%emt 00:00:02]

} 4. Bg2 {

[%clk 00:15:07]

} {

[%emt 00:00:02]

} O-O {

[%clk 00:15:07]

} {

[%emt 00:00:02]

} 5. O-O {

[%clk 00:15:08]

} {

[%emt 00:00:03]

} d5 {

[%clk 00:15:01]

} {

[%emt 00:00:09]

} 6. b3 {

[%clk 00:14:42]

} {

[%emt 00:00:29]

} c5 {

[%clk 00:14:57]

} {

[%emt 00:00:06]

} 7. e3 {

[%clk 00:14:42]

} {

[%emt 00:00:03]

} cxd4 {

[%clk 00:14:57]

} {

[%emt 00:00:04]

} 8. exd4 {

[%clk 00:14:40]

} {

[%emt 00:00:04]

} Nc6 {

[%clk 00:14:58]

} {

[%emt 00:00:02]

} 9. Bb2 {

[%clk 00:14:39]

} {

[%emt 00:00:05]

} Bf5 {

[%clk 00:14:58]

} {

[%emt 00:00:03]

} 10. c3 {

[%clk 00:14:27]

} {

[%emt 00:00:15]

} Ne4 {

[%clk 00:13:32]

} {

[%emt 00:01:29]

} 11. Nbd2 {

[%clk 00:14:13]

} {

[%emt 00:00:17]

} Qa5 {

[%clk 00:13:29]

} {

[%emt 00:00:07]

} 12. Nxe4 {

[%clk 00:13:59]

} {

[%emt 00:00:17]

} Bxe4 {

[%clk 00:13:29]

} {

[%emt 00:00:03]

} 13. Re1 {

[%clk 00:13:41]

} {

[%emt 00:00:20]

} Rac8 {

[%clk 00:13:19]

} {

[%emt 00:00:13]

} 14. Ng5 {

[%clk 00:12:14]

} {

[%emt 00:01:31]

} Bxg2 {

[%clk 00:12:19]

} {

[%emt 00:01:03]

} 15. Kxg2 {

[%clk 00:12:14]

} {

[%emt 00:00:02]

} e6 {

[%clk 00:12:17]

} {

[%emt 00:00:05]

} 16. Nf3 {

[%clk 00:11:32]

} {

[%emt 00:00:45]

} Ne7 {

[%clk 00:11:57]

} {

[%emt 00:00:23]

} 17. Qd3 {

[%clk 00:11:03]

} {

[%emt 00:00:32]

} Nf5 {

[%clk 00:11:52]

} {

[%emt 00:00:08]

} 18. a4 {

[%clk 00:09:41]

} {

[%emt 00:01:25]

} Nd6 {

[%clk 00:11:22]

} {

[%emt 00:00:33]

} 19. Nd2 {

[%clk 00:07:46]

} {

[%emt 00:01:57]

} Rfd8 {

[%clk 00:11:00]

} {

[%emt 00:00:25]

} 20. b4 {

[%clk 00:06:23]

} {

[%emt 00:01:27]

} Qc7 {

[%clk 00:10:50]

} {

[%emt 00:00:12]

} 21. a5 {

[%clk 00:05:10]

} {

[%emt 00:01:17]

} Bh6 {

[%clk 00:10:03]

} {

[%emt 00:00:50]

} 22. Nb3 {

[%clk 00:05:00]

} {

[%emt 00:00:13]

} Qc4 {

[%clk 00:08:40]

} {

[%emt 00:01:25]

} 23. Qxc4 {

[%clk 00:05:01]

} {

[%emt 00:00:02]

} Rxc4 {

[%clk 00:08:32]

} {

[%emt 00:00:11]

} 24. f4 {

[%clk 00:04:14]

} {

[%emt 00:00:50]

} g5 {

[%clk 00:07:39]

} {

[%emt 00:00:56]

} 25. Nd2 {

[%clk 00:02:12]

} {

[%emt 00:02:05]

} Rc7 {

[%clk 00:07:32]

} {

[%emt 00:00:10]

} 26. fxg5 {

[%clk 00:02:12]

} {

[%emt 00:00:03]

} Bxg5 {

[%clk 00:07:33]

} {

[%emt 00:00:03]

} 27. Nf3 {

[%clk 00:02:14]

} {

[%emt 00:00:01]

} Bf6 {

[%clk 00:07:29]

} {

[%emt 00:00:07]

} 28. Ne5 {

[%clk 00:01:32]

} {

[%emt 00:00:45]

} Nb5 {

[%clk 00:06:46]

} {

[%emt 00:00:46]

} 29. Ng4 {

[%clk 00:01:07]

} {

[%emt 00:00:28]

} Bg7 {

[%clk 00:06:44]

} {

[%emt 00:00:05]

} 30. Re3 {

[%clk 00:01:02]

} {

[%emt 00:00:08]

} Rdc8 {

[%clk 00:06:45]

} {

[%emt 00:00:02]

} 31. a6 {

[%clk 00:00:45]

} {

[%emt 00:00:20]

} b6 {

[%clk 00:06:42]

} {

[%emt 00:00:06]

} 32. Rf1 {

[%clk 00:00:05]

} {

[%emt 00:00:43]

} Nxc3 {

[%clk 00:06:34]

} {

[%emt 00:00:12]

} 33. Bxc3 {

[%clk 00:00:06]

} {

[%emt 00:00:01]

} Rxc3 {

[%clk 00:06:35]

} {

[%emt 00:00:03]

} 34. Rxc3 {

[%clk 00:00:07]

} Rxc3 {

[%clk 00:06:36]

} {

[%emt 00:00:02]

} 35. h4 {

[%clk 00:00:08]

} {

[%emt 00:00:02]

} h5 {

[%clk 00:06:25]

} {

[%emt 00:00:14]

} 36. Ne5 {

[%clk 00:00:04]

} {

[%emt 00:00:08]

} Bxe5 {

[%clk 00:06:16]

} {

[%emt 00:00:11]

} 37. dxe5 {

[%clk 00:00:06]

} {

[%emt 00:00:01]

} Rc4 {

[%clk 00:06:18]

} {

[%emt 00:00:01]

} 38. b5 {

[%clk 00:00:08]

} Rc5 {

[%clk 00:06:12]

} {

[%emt 00:00:09]

} 39. Rb1 {

[%clk 00:00:08]

} {

[%emt 00:00:02]

} Kg7 {

[%clk 00:06:12]

} {

[%emt 00:00:02]

} 40. Kf3 {

[%clk 00:00:08]

} {

[%emt 00:00:03]

} Kg6 {

[%clk 00:06:14]

} {

[%emt 00:00:02]

} 0-1

[Event "Priit Leito Memorial Tournament"]
[Site "Tallinn, Paul Keres Chess House, Estonia"]
[Date "2023.02.04"]
[Round "2.3"]
[White "Neiksans, Arturs"]
[Black "Kuhn, Ulf"]
[Result "1-0"]
[TimeControl " Rapid: 15 minutes for game with 3 seconds increment from move 1"]
[WhiteTitle "GM"]
[WhiteElo "2552"]
[BlackElo "2004"]

1. e4 {

[%clk 00:15:01]

} {

[%emt 00:00:04]

} c5 {

[%clk 00:15:05]

} {

[%emt 00:00:02]

} 2. Nf3 {

[%clk 00:15:02]

} {

[%emt 00:00:02]

} e6 {

[%clk 00:15:07]

} {

[%emt 00:00:01]

} 3. g3 {

[%clk 00:14:55]

} {

[%emt 00:00:10]

} Nc6 {

[%clk 00:15:00]

} {

[%emt 00:00:10]

} 4. Bg2 {

[%clk 00:14:55]

} {

[%emt 00:00:03]

} Nf6 {

[%clk 00:14:38]

} {

[%emt 00:00:25]

} 5. d3 {

[%clk 00:14:35]

} {

[%emt 00:00:23]

} d5 {

[%clk 00:14:27]

} {

[%emt 00:00:14]

} 6. Nbd2 {

[%clk 00:14:35]

} {

[%emt 00:00:02]

} Be7 {

[%clk 00:14:23]

} {

[%emt 00:00:07]

} 7. O-O {

[%clk 00:14:35]

} {

[%emt 00:00:03]

} O-O {

[%clk 00:14:23]

} {

[%emt 00:00:03]

} 8. Re1 {

[%clk 00:14:36]

} {

[%emt 00:00:02]

} Rb8 {

[%clk 00:14:16]

} {

[%emt 00:00:11]

} 9. e5 {

[%clk 00:14:09]

} {

[%emt 00:00:30]

} Nd7 {

[%clk 00:14:16]

} {

[%emt 00:00:02]

} 10. Nf1 {

[%clk 00:14:09]

} {

[%emt 00:00:02]

} b5 {

[%clk 00:14:17]

} {

[%emt 00:00:02]

} 11. h4 {

[%clk 00:14:07]

} {

[%emt 00:00:05]

} b4 {

[%clk 00:12:12]

} {

[%emt 00:02:09]

} 12. N1h2 {

[%clk 00:13:22]

} {

[%emt 00:00:48]

} a5 {

[%clk 00:12:11]

} {

[%emt 00:00:04]

} 13. Bf4 {

[%clk 00:13:08]

} {

[%emt 00:00:16]

} Ba6 {

[%clk 00:12:00]

} {

[%emt 00:00:15]

} 14. h5 {

[%clk 00:12:56]

} {

[%emt 00:00:15]

} a4 {

[%clk 00:11:01]

} {

[%emt 00:01:03]

} 15. h6 {

[%clk 00:12:51]

} {

[%emt 00:00:07]

} g6 {

[%clk 00:11:03]

} {

[%emt 00:00:02]

} 16. a3 {

[%clk 00:12:48]

} {

[%emt 00:00:06]

} bxa3 {

[%clk 00:10:24]

} {

[%emt 00:00:42]

} 17. bxa3 {

[%clk 00:12:47]

} {

[%emt 00:00:04]

} Nd4 {

[%clk 00:09:16]

} {

[%emt 00:01:11]

} 18. Nxd4 {

[%clk 00:11:08]

} {

[%emt 00:01:41]

} cxd4 {

[%clk 00:09:18]

} {

[%emt 00:00:02]

} 19. Ra2 {

[%clk 00:11:10]

} {

[%emt 00:00:02]

} Rb5 {

[%clk 00:07:21]

} {

[%emt 00:02:00]

} 20. Nf3 {

[%clk 00:06:40]

} {

[%emt 00:04:32]

} Qb6 {

[%clk 00:07:11]

} {

[%emt 00:00:13]

} 21. Qc1 {

[%clk 00:06:41]

} {

[%emt 00:00:02]

} Rb8 {

[%clk 00:06:22]

} {

[%emt 00:00:51]

} 22. Bg5 {

[%clk 00:06:43]

} {

[%emt 00:00:02]

} Rb1 {

[%clk 00:05:56]

} {

[%emt 00:00:29]

} 23. Bxe7 {

[%clk 00:04:59]

} {

[%emt 00:01:47]

} Rxc1 {

[%clk 00:05:57]

} {

[%emt 00:00:03]

} 24. Rxc1 {

[%clk 00:05:00]

} Re8 {

[%clk 00:04:34]

} {

[%emt 00:01:25]

} 25. Bb4 {

[%clk 00:04:55]

} {

[%emt 00:00:09]

} f6 {

[%clk 00:04:19]

} {

[%emt 00:00:19]

} 26. exf6 {

[%clk 00:04:54]

} {

[%emt 00:00:03]

} e5 {

[%clk 00:03:41]

} {

[%emt 00:00:41]

} 27. f7+ {

[%clk 00:04:26]

} {

[%emt 00:00:30]

} Kxf7 {

[%clk 00:03:42]

} {

[%emt 00:00:02]

} 28. Ng5+ {

[%clk 00:04:28]

} {

[%emt 00:00:01]

} Kg8 {

[%clk 00:03:39]

} {

[%emt 00:00:07]

} 29. Bxd5+ {

[%clk 00:04:28]

} {

[%emt 00:00:02]

} Kh8 {

[%clk 00:03:07]

} {

[%emt 00:00:36]

} 30. Nf7+ {

[%clk 00:04:27]

} {

[%emt 00:00:03]

} Kg8 {

[%clk 00:03:09]

} {

[%emt 00:00:02]

} 31. Nxe5+ {

[%clk 00:04:21]

} {

[%emt 00:00:09]

} Kh8 {

[%clk 00:02:53]

} {

[%emt 00:00:19]

} 32. Nxd7 {

[%clk 00:03:18]

} {

[%emt 00:01:05]

} Qb5 {

[%clk 00:02:54]

} {

[%emt 00:00:02]

} 33. Bc5 {

[%clk 00:03:19]

} {

[%emt 00:00:02]

} 1-0